000 00311nam a22001337a 4500
008 171101b xxu||||| |||| 00| 0 eng d
020 _a9780534205409
041 _aeng
080 _a33
100 _a59
101 _aBUS
245 _aAPPLYING EXPERT SYSTEM TECHNOLOGY TO BUSINESS
_cLYONS,P
942 _2udc
_cBK
999 _c36938
_d36938